000 00922cam a2200229 4500
001 WB3835-09
008 020924n2002 000 0 eng u
035 _a(Sirsi) u119816
245 _aGovernment challenge to builders
260 _c2002
490 _aRegeneration and Renewal
_v20 September, 5(1)
520 _aGovernment is putting pressure on developers to make more effective use of recycled land. New statistics show that brownfield land in England has the capacity to sustain nearly one million more new homes which is 25% greater than was previously thought. The statisitcs can be viewed at: http://www.odpm.gov.uk/news/0209/bf2002.htm
590 _aWB
650 _aDEVELOPERS
650 _aRECYCLED LAND
650 _aBROWNFIELD LAND
650 _aNATIONAL LAND USE
650 _aNEW HOMES
650 _aCOUNCIL FOR THE PROTECTION OF RURAL ENGLAND
690 _aHOUSING-DEVELOPMENT
942 _n0
999 _c71204
_d71204